Advanced topics in energy (Record no. 484180)

MARC details
000 -LEADER
fixed length control field 00541nam a2200205Ia 4500
008 - FIXED-LENGTH DATA ELEMENTS--GENERAL INFORMATION
fixed length control field 210417s9999 xx 000 0 und d
020 ## - INTERNATIONAL STANDARD BOOK NUMBER
International Standard Book Number 9781632380241
-- 1632380242
082 ## - DEWEY DECIMAL CLASSIFICATION NUMBER
Classification number 531.6 THO
Item number 22.531.6 THO
245 #0 - TITLE STATEMENT
Title Advanced topics in energy
Statement of responsibility, etc. Advanced topics in energy
250 ## - EDITION STATEMENT
Edition statement 1st ed.
Remainder of edition statement "vii, 205p. : col. ill. ; 25cm., hbk."
260 ## - PUBLICATION, DISTRIBUTION, ETC.
Place of publication, distribution, etc. New York
Name of publisher, distributor, etc. NY Research Press
Date of publication, distribution, etc. 2015
700 ## - ADDED ENTRY--PERSONAL NAME
Personal name "Thomson, George"
Numeration edited by George Thomson
Holdings
Withdrawn status Lost status Source of classification or shelving scheme Damaged status Not for loan Home library Current library Shelving location Date acquired Total Checkouts Full call number Barcode Date last seen Price effective from Koha item type
    Dewey Decimal Classification     Anna Centenary Library Anna Centenary Library 5TH FLOOR, A WING 17.04.2021   531.6 THO 603902 17.04.2021 17.04.2021 English Books

Find us on the map